000 00679nam a2200229Ia 4500
001 9242
003 GE_BSU
008 181216s||||||||xx |||||||||||||| ||und||
040 _cGE_BSU
080 _a821.353.1-32
100 _aლომიძე,ზურაბ
245 _aშაშვი
245 _bმოთხრობები
245 _cრედ:გულიკო ხეთაგური;მხატვ:პ.ბობლიაშვილი
260 _aთბილისი.
260 _bმერანი.
260 _c1991
300 _a200გვ;20სმ
653 _aმოთხრობები
653 _aშაშვი
942 _cBK
999 _c42544
_d42544